000 00617nam a22001817a 4500
999 _c185187
_d185187
005 20220131112926.0
010 _aENG-131331
020 _a9789352666829
_c325.00
035 _aEN-114863
037 _bDBAD
082 _a355
100 _aRamaswamy, B.
245 _aInternal Security/
_bIssues, Challenges, Threats & Linkages:
_cB. Ramaswamy, Sasikala Pushpa, Victoriya A. Mary
260 _aNew Delhi
_bPrabhat Exam
_c2018
270 _bNew Delhi
_a4/19, Asaf Ali Road
_e110002
_k23289555, 23289666, 23289777
_mprabhatbooks@gmail.com
300 _a278p.
_c24cm(pbk)
942 _2ddc
_cEN
_h355
_mRAM